|
|
|
|
| LEADER |
01056nam a2200313 a 4500 |
| 001 |
27587 |
| 003 |
BD-DhAAL |
| 005 |
20150206121730.0 |
| 008 |
130924s2000 caua b 000 0 eng |
| 010 |
|
|
|a 99006588
|
| 020 |
|
|
|a 9780761908265
|
| 020 |
|
|
|a 9780761908272
|
| 020 |
|
|
|a 0761908269
|
| 020 |
|
|
|a 0761908277
|
| 040 |
|
|
|a DLC
|c DLC
|d DLC
|d Bd-DhAAL
|
| 050 |
0 |
0 |
|a H97
|b .Y368 2000
|
| 082 |
0 |
0 |
|a 320/.6
|2 21
|
| 999 |
|
|
|c 14013
|d 14013
|
| 999 |
|
|
|c 14013
|
| 100 |
1 |
|
|a Yanow, Dvora.
|9 3229
|
| 245 |
1 |
0 |
|a Conducting interpretive policy analysis /
|c Dvora Yanow.
|
| 260 |
|
|
|a Thousand Oaks, Calif. ;
|a New Delhi :
|b Sage Publications,
|c c2000.
|
| 300 |
|
|
|a xi, 103 p. :
|b ill. ;
|c 22 cm.
|
| 490 |
|
|
|a Qualitative research methods ;
|v v. 47
|
| 504 |
|
|
|a Includes bibliographical references (p. 94-102).
|
| 541 |
|
|
|e 27587
|
| 650 |
|
0 |
|a Policy sciences.
|9 7782
|
| 942 |
|
|
|2 ddc
|c BK
|
| 952 |
|
|
|0 0
|1 0
|2 ddc
|4 0
|6 320_600000000000000_YAN
|7 0
|9 23488
|a IGS
|b IGS
|c GEN
|d 2013-09-24
|e Karim International
|g 2350.00
|l 0
|o 320.6 YAN
|p 3010027587
|r 2013-09-24
|t 1
|w 2013-09-24
|y BK
|